| 000 | 00425nam a22001457a 4500 | ||
|---|---|---|---|
| 003 | SGT | ||
| 082 |
_a617.84 _bA22P |
||
| 100 | _aKOPAL, PAJNEE | ||
| 245 | _aA Study To Compare The Effect Of Kinesotaping With Neural Mobilization and Conventional Treatment in Patients With Cervical Radiculopathy | ||
| 260 |
_aGURUGRAM _bSGT UNIVERSITY _c2022 |
||
| 300 | _a112 | ||
| 650 | _aPHYSIOTHERAPY | ||
| 653 | _aPHD | ||
| 942 |
_2ddc _cTH |
||
| 999 |
_c26466 _d26466 |
||